000 00335cam a22001337a 4500
008 180718b1961 xxu||||| |||| 00| 0 eng d
082 _aD11 L513
100 _aLee, Luke T.
245 _aConsular law and practice
_cby Luke T. Lee
260 _aLondon
_bStevens
_c1961
300 _a431p.
500 _aRs.84.00
650 _aConsular law
999 _c371886
_d371886